000 00450cam a2200157 4500500
005 20251012032455.0
041 _afre
042 _adc
100 1 0 _ade Unamuno, Miguel
_eauthor
700 1 0 _a Sesé, Bernard
_eauthor
245 0 0 _aPortugal
260 _c2000.
500 _a42
786 0 _nSigila | 6 | 2 | 2000-12-20 | p. 204-205 | 1286-1715
856 4 1 _uhttps://shs.cairn.info/revue-sigila-2000-2-page-204?lang=fr&redirect-ssocas=7080
999 _c1547375
_d1547375